LEADER 01409nam a2200229 4500 001 000000350792 003 CaOOAMICUS 005 20220705151330.0 008 220705s1833 it 000 u lat r 040 $aSeMil$bita 100 1 $aGaisruck, Karl Kajetan : von,$d<1769-1846>.$0(OLS)http://semarc/name/4068 245 10$aLitaniae et preces ritu ambrosiano recitandae in publica et solemni processione indicta ab eminentissimo et reverendissimo d. d. Carolo Cajetano ... de Gaisruck ... in celebratione jubilaei universalis a ss. d.n.d. n. Gregorio divina providentia PP. 16. concessi. 264 1$aMediolani :$bJacobi Agnelli,$c1833. 300 $a12 p. ;$c16 cm 650 4$aLitanie - Rito ambrosiano.$0(OLS)http://semarc/subject/8202 850 $aSeMil 852 $aSeMil$W1$xVenegono$y1$m5B III 2/5$j233452$B241820$CSeMilBibl$Z2$F241820 $8I 961 $aTimbro della Biblioteca Seminario Maggiore Milano 961 $aRecupero da Biblioteca Seminario Maggiore Milano 996 $6245$aLitaniae et preces ritu ambrosiano recitandae in publica et solemni processione indicta ab eminentissimo et reverendissimo d. d. Carolo Cajetano ... de Gaisruck ... in celebratione jubilaei universalis a ss. d.n.d. n. Gregorio divina providentia PP. 16. concessi$9(OLS)http://semarc/title/440609 996 $6264$aMediolani :$bJacobi Agnelli$9(OLS)http://semarc/publisher/39896 LEADER 01118nam a2200241 i 4500 001 000000046007 003 CaOOAMICUS 005 20250318163754.0 008 110216s1983 it u000 u ita u 040 $aSeMil$bita 245 03$aLa cooperazione industriale /$cRegione Lombardia, Settore Industria Artigianato ; a cura di Eliano Gorini. 264 1$aMilano :$bRegione Lombardia,$c1983. 300 $a102 p. ;$c20 cm. 490 1 $aQuaderni di documentazione regionale. Nuova serie ;$v16 650 4$aLombardia - Industria.$0(OLS)http://semarc/subject/9672 700 1 $aGorini, Eliano.$0(OLS)http://semarc/name/22879 710 2 $aLombardia : Settore cultura e informazione.$0(OLS)http://semarc/name/115937 830 0$aQuaderni di documentazione regionale. Nuova serie ;$v16.$0(OLS)http://semarc/title/32646 850 $aSeMil 852 $aSeMil$W1$xVenegono$y1$m3M I 394$j255324$B12162$CSeMilBibl$Z2$F12162 $81 996 $6245$aLa cooperazione industriale$9(OLS)http://semarc/title/68623 996 $6264$aMilano :$bRegione Lombardia$9(OLS)http://semarc/publisher/30334